[Event "AUTO-BEG-90"]
[Site "http://www.queenalice.com/game.php?id=258970"]
[Date "2007.8.21"]
[Round "2"]
[White "J_Moura"]
[Black "LovelyLocksOfCheez"]
[Result "1-0"]
[WhiteElo "1850"]
[BlackElo "1325"]

1. d4 Nc6 2. Nf3 d6 3. e4 Nf6 4. Bd3 e5 5. d5 Nb4 6. Nc3 Ng4 7. Be2 Bd7 8. h3
Nf6 9. a3 Na6 10. Bxa6 bxa6 11. Be3 c6 12. dxc6 Bxc6 13. Nd2 Qb8 14. Rb1 d5 15.
exd5 Bxd5 16. O-O Qb7 17. Nxd5 Nxd5 18. Qe2 Be7 19. c4 Nf6 20. b4 O-O 21. c5 Qc7
22. Qxa6 e4 23. Rfe1 Nh5 24. Nxe4 Qe5 25. Qc4 Bd8 26. Nd6 Bh4 27. Qxh4 a5 28.
Bd4 Qd5 29. Re5 Qc4 30. Nxc4 Nf6 31. Nxa5 Nd7 32. Re7 Nf6 33. Bxf6 1-0

[Event "Challenge"]
[Site "http://www.queenalice.com/game.php?id=260678"]
[Date "2007.8.24"]
[Round "-"]
[White "LovelyLocksOfCheez"]
[Black "bohinky"]
[Result "0-1"]
[WhiteElo "1309"]
[BlackElo "2154"]

1. e4 c5 2. Nf3 d6 3. Bb5+ Bd7 4. Bc4 b5 5. Bd5 Nc6 6. Ng5 e6 7. Bxc6 Bxc6 8. d3
h6 9. Nf3 Nf6 10. d4 Bxe4 11. Nc3 Bc6 12. O-O b4 13. Ne2 c4 14. Qd2 Bxf3 15. Nf4
Bc6 16. Qxb4 d5 17. Qc3 Bd6 18. Ne2 Ne4 19. Qf3 Qb8 20. Qg4 Nf6 21. Qxg7 Bxh2+
22. Kh1 Ke7 23. b3 Qc7 24. Bxh6 Rag8 25. Qxh8 Rxh8 26. Bd2 Bg1+ 0-1

[Event "AUTO-INT-593"]
[Site "http://www.queenalice.com/game.php?id=262906"]
[Date "2007.8.28"]
[Round "1"]
[White "Hapless"]
[Black "LovelyLocksOfCheez"]
[Result "0-1"]
[WhiteElo "1648"]
[BlackElo "1321"]

1. d4 d5 2. c4 dxc4 3. e3 Bf5 4. Bxc4 Nc6 5. Nf3 Bxb1 6. Rxb1 Nf6 7. O-O Nb4 8.
a3 Nc6 9. Ng5 Qc8 10. Bxf7+ Kd8 11. Ne6+ Kd7 12. Nc5+ Kd6 13. Qc2 b6 14. Nd3 Qf5
15. Bb3 Rd8 16. Nb4 Qxc2 17. Bxc2 Kd7 18. Bf5+ e6 19. Bh3 Bxb4 20. axb4 Nxb4 21.
Rd1 Rhe8 22. Ra1 g5 23. g3 Rf8 24. Rxa7 Ne4 25. f4 Nd5 26. Bg2 gxf4 27. Bxe4 Nf6
28. Bg2 fxg3 29. hxg3 Rg8 30. Kh2 Ng4+ 31. Kg1 Rdf8 32. Bh3 Nf2 33. Re1 Nxh3+
34. Kh2 Nf2 35. Ra3 Ne4 36. Rg1 h5 37. b4 Rf2+ 38. Kh3 Ng5+ 39. Kh4 Rh2# 0-1

[Event "AUTO-INT-593"]
[Site "http://www.queenalice.com/game.php?id=262907"]
[Date "2007.8.28"]
[Round "1"]
[White "LovelyLocksOfCheez"]
[Black "Hapless"]
[Result "0-1"]
[WhiteElo "1345"]
[BlackElo "1605"]

1. g3 e6 2. e3 d5 3. Nf3 c5 4. Bb5+ Bd7 5. Bxd7+ Nxd7 6. Nc3 Ngf6 7. Ng5 Be7 8.
d3 Ng4 9. Qxg4 Bxg5 10. e4 Nb6 11. Bxg5 f6 12. Qh5+ g6 13. Qh6 fxg5 14. Qg7 Rf8
15. Qxh7 Qe7 16. Qxg6+ Qf7 17. Qh6 Qxf2+ 18. Kd1 Qf3+ 19. Kd2 Qg2+ 20. Ne2 Rf2
21. Qxe6+ Kf8 22. Qh6+ Ke8 23. h4 Rxe2+ 24. Kc3 Rxc2+ 25. Kb3 dxe4 26. Raf1
Rxb2+ 0-1

[Event "AUTO-INT-593"]
[Site "http://www.queenalice.com/game.php?id=262912"]
[Date "2007.8.28"]
[Round "1"]
[White "dinkoiliev"]
[Black "LovelyLocksOfCheez"]
[Result "1-0"]
[WhiteElo "1723"]
[BlackElo "1329"]

1. e4 Nf6 2. Nc3 e5 3. Nf3 Bc5 4. Nxe5 Qe7 5. d4 Bb6 6. Bc4 O-O 7. Be3 Ba5 8.
Qd2 Nxe4 9. Bg5 Nxg5 10. O-O d6 11. Nd5 Qe8 12. Qxg5 dxe5 13. Nf6+ Kh8 14. Nxe8
Rxe8 15. Bxf7 Rf8 16. Qe7 Bb4 17. Qxb4 Rxf7 18. dxe5 Nc6 19. Qc5 h5 20. Rfe1 Rf5
21. Rad1 Rg5 22. Qf8+ Kh7 23. e6 Nb4 24. e7 Bh3 25. e8=Q Rxe8 26. Rxe8 Rxg2+ 27.
Kh1 Nc6 28. Qh8+ Kg6 29. Rd7 Rxf2 30. Qxg7+ 1-0

[Event "AUTO-INT-593"]
[Site "http://www.queenalice.com/game.php?id=262913"]
[Date "2007.8.28"]
[Round "1"]
[White "LovelyLocksOfCheez"]
[Black "dinkoiliev"]
[Result "0-1"]
[WhiteElo "1313"]
[BlackElo "1697"]

1. e3 d5 2. d4 Nf6 3. Bb5+ c6 4. Bd3 e6 5. c3 Bd6 6. Nf3 Nbd7 7. O-O h6 8. c4 b6
9. Nh4 Qc7 10. cxd5 Bxh2+ 11. Kh1 cxd5 12. Na3 Bg3 13. Nb5 Qb8 14. fxg3 Qxg3 15.
Nf3 Ng4 16. Qc2 O-O 17. e4 Ba6 18. Nc7 Bxd3 19. Qc6 Bxf1 20. Qc2 Rac8 21. exd5
Nf2+ 22. Kg1 Qxg2# 0-1

[Event "Let's Play Chess!"]
[Site "http://www.queenalice.com/game.php?id=263934"]
[Date "2007.8.30"]
[Round "-"]
[White "LovelyLocksOfCheez"]
[Black "Ravendark"]
[Result "0-1"]
[WhiteElo "1323"]
[BlackElo "1376"]

1. c3 Nf6 2. d4 e6 3. Bg5 g6 4. Na3 d5 5. Nf3 Bg7 6. Rc1 Nbd7 7. c4 c6 8. e3 Qb6
9. cxd5 cxd5 10. Nb5 O-O 11. Bd3 Ne4 12. Nc7 Rb8 13. Be7 Qxb2 14. Rc2 Qb6 15.
Bxf8 Bxf8 16. Bxe4 dxe4 17. Ng5 Nf6 18. O-O Bd7 19. Qa1 Bg7 20. Rb1 Qd6 21. a4
Bc6 22. Nb5 Bxb5 23. Rxb5 a6 24. Rbc5 Bf8 25. d5 exd5 26. Rc7 Nd7 27. a5 Ne5 28.
Qd1 Nd3 29. Rxf7 b5 30. Rxh7 Qf6 31. Qg4 b4 32. Ra7 b3 33. Qh4 Qa1+ 0-1

[Event "AUTO-OPEN-843"]
[Site "http://www.queenalice.com/game.php?id=277201"]
[Date "2007.9.26"]
[Round "1"]
[White "A007"]
[Black "LovelyLocksOfCheez"]
[Result "1-0"]
[WhiteElo "1734"]
[BlackElo "1321"]

1. e4 e5 2. Nf3 Nf6 3. Bc4 Bd6 4. Nc3 O-O 5. d3 Bc5 6. O-O Nc6 7. Bg5 a6 8. Nd5
b5 9. Bxf6 gxf6 10. Nh4 f5 11. Nxf5 Kh8 12. Bb3 d6 13. Qh5 Bxf5 14. Qxf5 Rg8 15.
Nf6 Nd4 16. Qxh7# 1-0

[Event "AUTO-OPEN-843"]
[Site "http://www.queenalice.com/game.php?id=277202"]
[Date "2007.9.26"]
[Round "1"]
[White "LovelyLocksOfCheez"]
[Black "A007"]
[Result "0-1"]
[WhiteElo "1321"]
[BlackElo "1734"]

1. b3 e5 2. e4 Nf6 3. Bd3 Bc5 4. Nf3 Nc6 5. O-O d5 6. exd5 Qxd5 7. Nc3 Qd6 8.
Bc4 Bg4 9. Nb5 Qd7 10. Qe1 Bxf3 11. gxf3 a6 12. f4 O-O 13. Nc3 exf4 14. Na4 Qh3
15. Be2 f3 16. Bxf3 Bd6 0-1

[Event "AUTO-OPEN-843"]
[Site "http://www.queenalice.com/game.php?id=277227"]
[Date "2007.9.26"]
[Round "1"]
[White "LovelyLocksOfCheez"]
[Black "CJ"]
[Result "0-1"]
[WhiteElo "1339"]
[BlackElo "1279"]

1. b3 g6 2. c4 Bg7 3. d4 Nf6 4. e3 c6 5. Bd2 d6 6. Bd3 O-O 7. Nf3 Bg4 8. O-O a5
9. a4 Bxf3 10. Qxf3 Nbd7 11. b4 axb4 12. Bxb4 c5 13. dxc5 dxc5 14. Bc3 Rb8 15.
a5 e6 16. a6 bxa6 17. Rxa6 Rb3 18. Ra8 Qe7 19. e4 Rxa8 20. e5 Ra2 21. exf6 Nxf6
22. Qd1 Rb6 23. Nd2 Ne8 24. Bxg7 Nxg7 25. Nb1 Nh5 26. Nc3 Qg5 27. Nxa2 Nf4 28.
g3 Nh3+ 29. Kh1 Rb2 30. Qa4 Nxf2+ 31. Kg2 Nxd3+ 32. Kg1 Qe3+ 33. Kh1 Qe4+ 0-1

[Event "AUTO-OPEN-843"]
[Site "http://www.queenalice.com/game.php?id=277228"]
[Date "2007.9.26"]
[Round "1"]
[White "CJ"]
[Black "LovelyLocksOfCheez"]
[Result "0-1"]
[WhiteElo "1298"]
[BlackElo "1307"]

1. e4 e5 2. Bc4 Nf6 3. f3 Bc5 4. Nh3 O-O 5. Ng5 Nh5 6. Bxf7+ Rxf7 7. h4 Nc6 8.
c3 Ng3 9. Rh3 Nh5 10. d3 d6 11. Qb3 h6 12. Qxf7+ Kh8 13. Rg3 Nxg3 14. Ne6 Bxe6
15. Qxe6 Qxh4 16. Nd2 Qh1+ 17. Nf1 Qxf1+ 18. Kd2 Qe2# 0-1

[Event "Challenge"]
[Site "http://www.queenalice.com/game.php?id=306730"]
[Date "2007.11.19"]
[Round "-"]
[White "LovelyLocksOfCheez"]
[Black "bohinky"]
[Result "0-1"]
[WhiteElo "1341"]
[BlackElo "2161"]

1. e4 d5 2. d3 dxe4 3. Nc3 Nc6 4. Nxe4 Nf6 5. c4 Nxe4 6. dxe4 Qxd1+ 7. Kxd1 e5
8. Nf3 Bc5 9. Bd2 Bxf2 10. Rc1 Bg4 11. Bd3 O-O-O 12. Rc2 Rxd3 13. Rf1 Bxf3+ 14.
Kc1 Bxg2 15. Rxf2 Bxe4 16. Rxf7 Nd4 17. Bc3 Nxc2 18. Kxc2 Rf3+ 0-1

[Event "AUTO-INT-690"]
[Site "http://www.queenalice.com/game.php?id=307157"]
[Date "2007.11.20"]
[Round "1"]
[White "otax"]
[Black "LovelyLocksOfCheez"]
[Result "1-0"]
[WhiteElo "1566"]
[BlackElo "1348"]

1. d4 d5 2. c4 dxc4 3. Nf3 Nc6 4. Nc3 Bf5 5. e3 Nb4 6. Qa4+ Nc6 7. d5 Nf6 8.
dxc6 bxc6 9. Qxc6+ Bd7 10. Qxc4 e6 11. Ne5 Bd6 12. Nc6 Bxc6 13. Qxc6+ Nd7 14.
Bb5 O-O 15. Qxd7 Qb8 16. Qc6 Qd8 17. Bd2 Be5 18. Rd1 Qh4 19. Qe4 Qg5 20. f4 Bxf4
21. exf4 Qh4+ 22. g3 Qh5 23. Bd3 Rab8 24. b3 Qa5 25. Qxh7# 1-0

[Event "AUTO-INT-690"]
[Site "http://www.queenalice.com/game.php?id=307158"]
[Date "2007.11.20"]
[Round "1"]
[White "LovelyLocksOfCheez"]
[Black "otax"]
[Result "0-1"]
[WhiteElo "1339"]
[BlackElo "1573"]

1. e4 e6 2. Nf3 Nf6 3. Bc4 Nxe4 4. O-O d5 5. Bb5+ Bd7 6. Bd3 Nc5 7. b4 Nxd3 8.
cxd3 Qf6 9. Nc3 Bxb4 10. Rb1 Bxc3 11. dxc3 Bc6 12. c4 O-O 13. Ba3 Rd8 14. cxd5
Bxd5 15. Qc1 c6 16. Rxb7 Bxf3 17. Qb1 Be2 18. Be7 Qd4 19. Bxd8 Qxd8 20. Rc1 Bxd3
21. Qa1 Bb5 22. Rc3 Qd4 23. Qc1 Nd7 24. g3 Ne5 25. Re3 Ng4 26. Rf3 Nf6 27. Rf4
Qd5 28. Qa3 Qd1+ 29. Kg2 Bf1+ 0-1

[Event "AUTO-INT-690"]
[Site "http://www.queenalice.com/game.php?id=307175"]
[Date "2007.11.20"]
[Round "1"]
[White "LovelyLocksOfCheez"]
[Black "candycorn"]
[Result "0-1"]
[WhiteElo "1364"]
[BlackElo "1371"]

1. e4 e5 2. Nf3 Nc6 3. Bc4 d6 4. O-O f6 5. Nc3 Nh6 6. d3 Ng4 7. Nd5 Nd4 8. c3
Nxf3+ 9. gxf3 Nxh2 10. Re1 Qd7 11. Kxh2 Qh3+ 12. Kg1 g5 13. Nxc7+ Kd7 14. Nxa8
g4 15. Qa4+ Ke7 16. Qxa7 gxf3 0-1

[Event "AUTO-INT-690"]
[Site "http://www.queenalice.com/game.php?id=307176"]
[Date "2007.11.20"]
[Round "1"]
[White "candycorn"]
[Black "LovelyLocksOfCheez"]
[Result "0-1"]
[WhiteElo "1174"]
[BlackElo "1333"]

1. e4 e5 2. Nf3 d6 3. Bc4 Nc6 4. c3 Nf6 5. Ng5 Be6 6. Nxe6 fxe6 7. Bxe6 Nxe4 8.
Qh5+ g6 9. Qf3 Ng5 10. Qg4 Qf6 11. Bd5 h5 12. Qa4 O-O-O 13. Bxc6 bxc6 14. Qa6+
Kd7 15. Qxa7 Re8 16. O-O h4 17. b4 h3 18. d4 Nf3+ 19. gxf3 Qxf3 0-1